Statistics for The Fastest Things

Click here to take the quiz!

General Stats

  • This quiz has been taken 52 times
    (51 since last reset)
  • The average score is 3 of 10

Answer Stats

What/Who is the fastest:Answer% Correct
ManUsain Bolt
89%
Land AnimalCheetah
71%
Mens 100m time (s)9.58
31%
Production carBugatti Veyron
29%
TrainJapanese Bullet Train Shinkansen
24%
PlaneLockheed SR-71 Blackbird
24%
BirdPeregrine Falcon
22%
FishSailfish
22%
Person to acheive a 147 break in SnookerRonnie O'Sullivan
13%
WaterslideInsano
4%

Score Distribution

Percentile by Number Answered

Percent of People with Each Score

Your Score History

You have not taken this quiz since the last reset